| 000 | 00553nam a2200217Ia 4500 | ||
|---|---|---|---|
| 008 | 160319s9999 xx 000 0 und d | ||
| 020 | _a971-08-6798-9 | ||
| 050 | _aFIL QA 154.3 | ||
| 050 | _b.C65 2008 | ||
| 245 | _aCollege algebra and trigonometry / | ||
| 245 | _cLeticia L. Castillo… [et al] | ||
| 260 | _aMandaluyong: | ||
| 260 | _bNational Book Store, | ||
| 260 | _c2008 | ||
| 300 | _a772 pages : | ||
| 300 | _billustrations ; | ||
| 300 | _c25 cm. | ||
| 500 | _aIncludes index. | ||
| 650 | _aAlgebra. | ||
| 650 | _xTrigonometry. | ||
| 999 |
_c291809 _d291809 |
||